000 00486cam a2200193ua 4500
001 6753
008 140311n ii |||gr||||Z||||||eng
020 _a0-7069-4248-5
040 _cMAIN
082 _a338.7
245 _aManagerial economics
_cBy D.N. Dwivedi
250 _a20 th ed.
260 _aDelhi:
_bVikas publishing house pvt ltd.,
_c1994.
300 _axvi,426p.
653 _aProduction
653 _aManagerial economics
700 _aDwivedi,D.N.,
_eAuthor.
942 _cBK
999 _c5901
_d5901